Datum a čas kvízu
16.5
Celkem bodů
Celkový počet nahraných bodů na tomto kvízu bez doplňovacích otázek.
7.
Pořadí na kvízu
Konečné umístění týmu na tomto kvízu.
Zaznamenané odpovědi
| # | Otázka | Odpověď | Body | Výsledky |
|---|---|---|---|---|
| 1. | Českou republiku minulý týden... | Svjatlana Cichanouská (Světlana Tichanovská) | 0 | |
| 2. | Čínský vysokoškolák Chao Siao-... | při kamerování předběhl všechny sprintery | 1 | |
| 3. | Minulý čtvrtek měl televizní p... | 13 minut | 1 | |
| 4. | Jak se jmenuje středoamerický... | Salvador | 0 | |
| 5. | Ruskou federaci pobouřilo pře... | Sláva hrdinům! (Heroyam slava!) | 0 | |
| 6. | Nyní se podíváme do světa žen,... | Ashley Graham/Grahamová | 0 | |
| 7. | Jednou z nezapomenutelných kor... | C | 1 | |
| 8. | Tato česká herečka neváhala vy... | Pavla Tomicová | 0 | |
| 9. | Podle čeho pojmenovala britská... | A | 1 | |
| 10. | Na fotografii vidíme moderátor... | Oprah Winfrey | 1 |